Ideario político del general Augusto César Sandino / (Record no. 3256)
[ view plain ]
| 000 -CABECERA | |
|---|---|
| campo de control de longitud fija | 00822cam a2200217 a 4500 |
| 001 - NÚMERO DE CONTROL | |
| campo de control | 000003426 |
| 005 - FECHA Y HORA DE LA ÚLTIMA TRANSACCIÓN | |
| campo de control | 20200929150435.0 |
| 008 - DATOS DE LONGITUD FIJA--INFORMACIÓN GENERAL | |
| campo de control de longitud fija | 801215s1984 ng 000 0 spa |
| 040 ## - FUENTE DE LA CATALOGACIÓN | |
| Centro catalogador/agencia de origen | DO-SdBNP |
| Lengua de catalogación | spa |
| Centro/agencia transcriptor | BNPHU |
| 082 ## - NÚMERO DE LA CLASIFICACIÓN DECIMAL DEWEY | |
| Número de clasificación | 320.50924 |
| Número de documento/Ítem | S217F, 1984. |
| 100 1# - ENTRADA PRINCIPAL--NOMBRE DE PERSONA | |
| Nombre de persona | Sandino, Augusto César, |
| Fechas asociadas al nombre | 1895-1934 |
| 9 (RLIN) | 10682 |
| 245 10 - MENCIÓN DE TÍTULO | |
| Título | Ideario político del general Augusto César Sandino / |
| Mención de responsabilidad, etc. | Augusto César Sandino; recopilación Carlos Fonseca Amador. |
| 250 ## - MENCIÓN DE EDICIÓN | |
| Mención de edición | 2a ed. |
| 260 ## - PUBLICACIÓN, DISTRIBUCIÓN, ETC. | |
| Lugar de publicación, distribución, etc. | Managua, Nicaragua : |
| Nombre del editor, distribuidor, etc. | Departamento Nacional de Propaganda y Educación Política del FSLN, |
| Fecha de publicación, distribución, etc. | 1984. |
| 300 ## - DESCRIPCIÓN FÍSICA | |
| Extensión | 78 p. ; |
| Dimensiones | 17 cm. |
| 490 ## - MENCIÓN DE SERIE | |
| Mención de serie | Viva Sandino |
| 600 10 - PUNTO DE ACCESO ADICIONAL DE MATERIA--NOMBRE DE PERSONA | |
| Nombre de persona | SANDINO, AUGUSTO CÉSAR, |
| Fechas asociadas al nombre | 1895-1934 |
| Subdivisión general | CITAS. |
| 9 (RLIN) | 10683 |
| 700 12 - PUNTO DE ACCESO ADICIONAL--NOMBRE DE PERSONA | |
| Nombre de persona | Fonseca Amador, Carlos |
| 9 (RLIN) | 10684 |
| 830 #0 - PUNTO DE ACCESO ADICIONAL DE SERIE-TÍTULO UNIFORME | |
| Título uniforme | Viva Sandino |
| 9 (RLIN) | 10685 |
| 910 ## - DATOS DE OPCIÓN DEL USUARIO (OCLC) | |
| Datos de opción del usuario | Validado. Control de calidad MFF |
| Estado de retiro | Estado de pérdida | Restricciones de uso | No para préstamo | Código de colección | Localización permanente | Ubicación/localización actual | Ubicación en estantería | Fecha de adquisición | Número de inventario | Total de préstamos | Signatura topográfica completa | Código de barras | Fecha visto por última vez | Precio válido a partir de | Tipo de ítem Koha |
|---|---|---|---|---|---|---|---|---|---|---|---|---|---|---|---|
| Préstamo interno | Monografías: Libros y Folletos | General | General | Depósito | 08.07.2009 | LF1 | 320.50924 S217F, 1984. | 3426-10 | 25.06.2020 | 25.06.2020 | Préstamo interno |
